[Event "Cheliabinsk Winter op"]
[Site "Cheliabinsk"]
[Date "2009.12.16"]
[Round "4"]
[White "Murzikov, Boris"]
[Black "Barkov, Alexey"]
[Result "0-1"]
[WhiteElo "2026"]
[BlackElo "2079"]
[PlyCount "91"]
[EventDate "2009.11.30"]
[EventType "swiss"]
[EventRounds "9"]
[EventCountry "RUS"]
[SourceTitle "EXT 2012"]
[Source "ChessBase"]
[SourceDate "2011.11.24"]
[SourceVersion "1"]
[SourceVersionDate "2011.11.24"]
[SourceQuality "1"]

1. e4 c5 2. Bc4 Nc6 3. Nf3 g6 4. d4 cxd4 5. Nxd4 Bg7 6. Be3 Qb6 7. Nb5 Qa5+ 8. Bd2 Qd8 9. N1c3 Nf6 10. Be2 0-0 11. 0-0 d6 12. Be3 Bd7 13. Rb1 a6 14. Nd4 Ne5 15. h3 Rc8 16. b3 b5 17. f4 b4 18. Nd5 Nc6 19. Bf3 e6 20. Nxc6 Bxc6 21. Nxf6+ Bxf6 22. Qd3 Qc7 23. Rbd1 Qb7 24. Bd4 e5 25. Be3 exf4 26. Bxf4 Be5 27. Bg5 Rfe8 28. Rde1 Kg7 29. Re2 f6 30. Bd2 Rc7 31. Qe3 Rce7 32. h4 Kh8 33. Kh1 a5 34. h5 gxh5 35. Qh6 Rg8 36. Bf4 Qb8 37. Bxh5 Reg7 38. Bxe5 fxe5 39. Qf6 Qb7 40. Rfe1 Qe7 41. Rf1 Rd8 42. Qxe7 Rxe7 43. Bg4 Kg7 44. Bf5 Rf7 45. Re3 Kf8 46. Kg1 0-1

[Event "Cheliabinsk Winter op"]
[Site "Cheliabinsk"]
[Date "2009.12.??"]
[Round "3"]
[White "Lefebr, Vladislav"]
[Black "Murzikov, Boris"]
[Result "0-1"]
[WhiteElo "2111"]
[BlackElo "2026"]
[PlyCount "76"]
[EventDate "2009.11.30"]
[EventType "swiss"]
[EventRounds "9"]
[EventCountry "RUS"]
[SourceTitle "EXT 2012"]
[Source "ChessBase"]
[SourceDate "2011.11.24"]
[SourceVersion "1"]
[SourceVersionDate "2011.11.24"]
[SourceQuality "1"]

1. e4 d6 2. d4 Nf6 3. Nc3 c6 4. f4 e6 5. Bd3 Be7 6. Nf3 0-0 7. 0-0 g6 8. Kh1 b5 9. f5 exf5 10. exf5 b4 11. Ne2 Ba6 12. Bh6 Re8 13. Nf4 Ng4 14. fxg6 hxg6 15. Bxa6 Nxa6 16. Qd3 Nc7 17. Nxg6 Nxh6 18. g4 Ne6 19. g5 Ng4 20. Nxe7+ Qxe7 21. h3 Nf4 22. Qd2 Nxh3 23. Rae1 Qd7 24. Kg2 Rxe1 25. Rxe1 Ngf2 26. Nh2 Re8 27. Qxb4 Rxe1 28. Qxe1 Kg7 29. Qe3 Qf5 30. c4 Nd3 31. Nf3 Qg4+ 32. Kf1 Ndf4 33. Ne1 Nxg5 34. b4 Nfe6 35. Nc2 Qd1+ 36. Ne1 Qxd4 37. Qxd4+ Nxd4 38. a4 Ne4 0-1

[Event "Cheliabinsk Winter op"]
[Site "Cheliabinsk"]
[Date "2009.11.30"]
[Round "1"]
[White "Sumnaya, Ekaterina"]
[Black "Murzikov, Boris"]
[Result "0-1"]
[WhiteElo "1716"]
[BlackElo "2026"]
[PlyCount "43"]
[EventDate "2009.11.30"]
[EventType "swiss"]
[EventRounds "9"]
[EventCountry "RUS"]
[SourceTitle "EXT 2012"]
[Source "ChessBase"]
[SourceDate "2011.11.24"]
[SourceVersion "1"]
[SourceVersionDate "2011.11.24"]
[SourceQuality "1"]

1. d4 Nf6 2. Nf3 b6 3. Bf4 Bb7 4. e3 d6 5. Be2 Nbd7 6. Nbd2 Nh5 7. Bg5 h6 8. Bh4 g5 9. Bxg5 hxg5 10. Nxg5 Nhf6 11. Ndf3 Bh6 12. Nh3 e6 13. c4 Ke7 14. Qc2 c5 15. 0-0-0 cxd4 16. Rxd4 Nc5 17. Qd1 Nfe4 18. b4 Nc3 19. Qc2 Nxe2+ 20. Qxe2 Ne4 21. Rf1 Bg7 22. Rd3 0-1

[Event "Cheliabinsk op 02"]
[Site "Cheliabinsk"]
[Date "2009.03.06"]
[Round "7"]
[White "Murzikov, Boris"]
[Black "Konovalov, Vladislav2"]
[Result "0-1"]
[WhiteElo "2054"]
[BlackElo "2208"]
[PlyCount "64"]
[EventDate "2009.02.28"]
[EventType "swiss"]
[EventRounds "9"]
[EventCountry "RUS"]
[SourceTitle "CBM 129 Extra"]
[Source "ChessBase"]
[SourceDate "2009.05.05"]
[SourceVersion "2"]
[SourceVersionDate "2009.05.20"]
[SourceQuality "1"]

1. e4 d5 2. exd5 Nf6 3. d4 Nxd5 4. c4 Nb6 5. Nf3 g6 6. Nc3 Bg7 7. Be3 0-0 8. Rc1 Bg4 9. h3 Bxf3 10. Qxf3 e5 11. d5 f5 12. g4 N8d7 13. gxf5 gxf5 14. Rg1 Kh8 15. Qh5 Qe7 16. a3 f4 17. Bxb6 axb6 18. Bd3 e4 19. Bb1 Nc5 20. Kf1 Nb3 21. Rd1 Bxc3 22. bxc3 Rxa3 23. Rg5 Ra1 24. Bc2 Nd2+ 25. Ke2 Rxd1 26. Kxd1 e3 27. Re5 Qg7 28. Rg5 Qf7 29. Bg6 Qd7 30. Rf5 Qa4+ 31. Ke1 Qa1+ 32. Qd1 exf2+ 0-1

[Event "Cheliabinsk op 02"]
[Site "Cheliabinsk"]
[Date "2009.03.04"]
[Round "5"]
[White "Murzikov, Boris"]
[Black "Smetanin, Anatoly1"]
[Result "1-0"]
[WhiteElo "2054"]
[BlackElo "2283"]
[PlyCount "83"]
[EventDate "2009.02.28"]
[EventType "swiss"]
[EventRounds "9"]
[EventCountry "RUS"]
[SourceTitle "CBM 129 Extra"]
[Source "ChessBase"]
[SourceDate "2009.05.05"]
[SourceVersion "2"]
[SourceVersionDate "2009.05.20"]
[SourceQuality "1"]

1. e4 c5 2. Nf3 d6 3. c4 Nf6 4. Nc3 e5 5. d3 Bg4 6. h3 Bxf3 7. Qxf3 Nc6 8. Qd1 Be7 9. Be2 Nd4 10. 0-0 Nxe2+ 11. Qxe2 0-0 12. f4 Nd7 13. Qg4 Nf6 14. Qf3 Nd7 15. Nd5 Nb6 16. fxe5 dxe5 17. Qg4 Qd6 18. Be3 Nxd5 19. cxd5 f5 20. Rxf5 Rxf5 21. Qxf5 Rf8 22. Qg4 Bf6 23. Rc1 b6 24. a4 a5 25. b3 Be7 26. Rf1 Rxf1+ 27. Kxf1 h6 28. Ke2 Kh8 29. Kd2 Qf6 30. Qc8+ Bf8 31. Qf5 Qe7 32. Qe6 Qh4 33. Qxe5 c4 34. Qb8 Qf6 35. e5 Qf1 36. bxc4 Kh7 37. d6 Qxg2+ 38. Kc1 Qf3 39. Qxb6 Qf1+ 40. Kc2 Qe2+ 41. Bd2 Qxe5 42. d7 1-0

[Event "Cheliabinsk op 02"]
[Site "Cheliabinsk"]
[Date "2009.02.28"]
[Round "1"]
[White "Murzikov, Boris"]
[Black "Kozirev, Alexander"]
[Result "0-1"]
[WhiteElo "2054"]
[BlackElo "2351"]
[PlyCount "44"]
[EventDate "2009.02.28"]
[EventType "swiss"]
[EventRounds "9"]
[EventCountry "RUS"]
[SourceTitle "CBM 129 Extra"]
[Source "ChessBase"]
[SourceDate "2009.05.05"]
[SourceVersion "2"]
[SourceVersionDate "2009.05.20"]
[SourceQuality "1"]

1. Nf3 d5 2. d4 Nf6 3. c4 e6 4. Nc3 c6 5. Bf4 dxc4 6. e3 b5 7. a4 Qb6 8. Nd2 Nbd7 9. axb5 cxb5 10. b3 Nd5 11. Qc2 Bb4 12. Nxd5 exd5 13. Be2 0-0 14. 0-0 Nf6 15. bxc4 bxc4 16. Rfb1 a5 17. Nf3 Bg4 18. h3 Bh5 19. Ne5 Bxe2 20. Qxe2 Rfe8 21. Qf3 Qe6 22. Kf1 Ne4 0-1

[Event "Cheliabinsk Cup 7th"]
[Site "Cheliabinsk"]
[Date "2009.??.??"]
[Round "?"]
[White "Volozhanin, Boris"]
[Black "Murzikov, Boris"]
[Result "0-1"]
[WhiteElo "1806"]
[BlackElo "2054"]
[PlyCount "48"]
[EventDate "2009.??.??"]
[EventType "swiss"]
[EventRounds "9"]
[EventCountry "RUS"]
[SourceTitle "EXT 2012"]
[Source "ChessBase"]
[SourceDate "2011.11.24"]
[SourceVersion "1"]
[SourceVersionDate "2011.11.24"]
[SourceQuality "1"]

1. e4 c5 2. c3 d5 3. exd5 Qxd5 4. d4 cxd4 5. cxd4 Nc6 6. Nf3 e6 7. Nc3 Bb4 8. Be2 Qa5 9. Bd2 Nf6 10. 0-0 0-0 11. Bd3 Qh5 12. Bg5 Nxd4 13. Bxf6 Nxf3+ 14. gxf3 gxf6 15. Ne4 Be7 16. Kh1 Bd7 17. Rg1+ Kh8 18. Ng3 Qd5 19. Be4 Qxd1 20. Raxd1 Rad8 21. Rge1 f5 22. Bxb7 Rb8 23. Ba6 Kg7 24. Rg1 Kh6 0-1

[Event "Cheliabinsk Region-ch"]
[Site "Cheliabinsk"]
[Date "2008.03.09"]
[Round "9"]
[White "Murzikov, Boris"]
[Black "Suknev, Sergei V"]
[Result "0-1"]
[WhiteElo "2040"]
[BlackElo "2161"]
[PlyCount "81"]
[EventDate "2008.03.01"]
[EventType "swiss"]
[EventRounds "9"]
[EventCountry "RUS"]
[SourceTitle "CBM 123 Extra"]
[Source "ChessBase"]
[SourceDate "2008.05.06"]
[SourceVersion "1"]
[SourceVersionDate "2008.05.06"]
[SourceQuality "1"]

1. e4 Nf6 2. Nc3 c5 3. e5 Ng8 4. f4 Nc6 5. Nf3 d5 6. d4 Bg4 7. Be2 e6 8. Be3 Nge7 9. dxc5 Nf5 10. Bf2 Qa5 11. h3 Bxf3 12. Bxf3 Bxc5 13. 0-0 0-0 14. Qd3 Nb4 15. Qb5 Qxb5 16. Nxb5 Rfc8 17. Na3 Ne3 18. c3 Nd3 19. Bxe3 Bxe3+ 20. Kh1 Nxb2 21. Rab1 Rxc3 22. Rxb2 Rxa3 23. Rxb7 g6 24. f5 gxf5 25. Bh5 Rf8 26. Rf3 f4 27. g3 Rxa2 28. gxf4 Rc8 29. Rb1 d4 30. Rg3+ Kf8 31. f5 exf5 32. Rg2 Rxg2 33. Kxg2 Rc7 34. Kf3 Ke7 35. Ra1 Ke6 36. Ra5 Bd2 37. Ra2 Bc1 38. Ke2 Kxe5 39. Ra5+ Ke4 40. Bf3+ Kf4 41. Bd5 0-1

[Event "Cheliabinsk Region-ch"]
[Site "Cheliabinsk"]
[Date "2008.03.01"]
[Round "1"]
[White "Murzikov, Boris"]
[Black "Akst, Ilia"]
[Result "0-1"]
[WhiteElo "2040"]
[BlackElo "2239"]
[PlyCount "90"]
[EventDate "2008.03.01"]
[EventType "swiss"]
[EventRounds "9"]
[EventCountry "RUS"]
[SourceTitle "CBM 123 Extra"]
[Source "ChessBase"]
[SourceDate "2008.05.06"]
[SourceVersion "1"]
[SourceVersionDate "2008.05.06"]
[SourceQuality "1"]

1. e4 c5 2. f4 Nc6 3. Nf3 Nf6 4. d3 e6 5. Be2 d5 6. e5 Nd7 7. 0-0 b5 8. a4 b4 9. c4 Bb7 10. f5 Ndxe5 11. Nxe5 Nxe5 12. Bf4 Bd6 13. fxe6 fxe6 14. Bh5+ g6 15. Bg4 Qe7 16. Re1 Nxg4 17. Qxg4 e5 18. Nd2 0-0 19. Bg3 Rae8 20. cxd5 Bxd5 21. Nc4 Rf5 22. Ne3 Rg5 23. Bh4 Rxg4 24. Bxe7 Rxg2+ 25. Nxg2 Rxe7 26. Ne3 Bb3 27. a5 e4 28. dxe4 Rxe4 29. Nf1 Rg4+ 30. Kf2 c4 31. Re8+ Kf7 32. Rae1 Rg5 33. Ng3 Rxa5 34. Rd8 Be5 35. Rd7+ Kf6 36. Ne4+ Ke6 37. Rxh7 Bxb2 38. Ng5+ Kf5 39. h4 Bd4+ 40. Kf3 c3 41. Rhe7 c2 42. Nf7 Bd5+ 43. Kg3 Ra3+ 44. Kh2 Kf6 45. Ng5 Re3 0-1

[Event "Cheliabinsk-ch sf"]
[Site "Cheliabinsk"]
[Date "2007.12.25"]
[Round "8"]
[White "Murzikov, Boris"]
[Black "Lefebr, Vladislav"]
[Result "0-1"]
[WhiteElo "2046"]
[BlackElo "1994"]
[PlyCount "43"]
[EventDate "2007.12.03"]
[EventType "swiss"]
[EventRounds "9"]
[EventCountry "RUS"]
[SourceTitle "EXT 2022"]
[Source "ChessBase"]
[SourceDate "2021.10.06"]
[SourceVersion "1"]
[SourceVersionDate "2021.10.06"]
[SourceQuality "1"]

1. e4 c6 2. Nc3 g6 3. Bc4 b5 4. Bb3 b4 5. Qf3 Nf6 6. Nd1 e5 7. d3 Bg7 8. a3 bxa3 9. Rxa3 0-0 10. Ne2 d5 11. Bg5 Be6 12. 0-0 Nbd7 13. h3 Nc5 14. exd5 cxd5 15. Nec3 Nxb3 16. Rxb3 h6 17. Bxh6 Bxh6 18. d4 exd4 19. Nb5 Ne4 20. Nxd4 Nd2 21. Qd3 Qf6 22. Ne3 0-1